000 01728nam a2200253 a 4500
001 79733
003 BD-RjUL
005 20230111133418.0
008 220420s2003 bg a|||| m||| 00| 0 ben d
035 _a(BD-RjUL)79733
040 _aBD-RjUL
_bben / eng
_cBD-RjUL
_dBD-RjUL
041 _aben
082 _a954.924
_bSUA 2003
_223
100 _aসারমিন, মোসা. ইয়াসমিন আকতার
_92599
245 0 1 _aউনিশ শতকে রাজশাহী জেলার মধ্যবিত্ত উদ্ভব ও বিকাশ /
_cমোসা. ইয়াসমিন আকতার সারমিন ;
_6গবেষনা তত্ত্বাবধায়ক : মোহাম্মদ মুহিবউল্যাহ ছিদ্দীকী
260 _aরাজশাহী :
_bইসলামের ইতিহাস ও সংস্কৃতি বিভাগ, রাজশাহী বিশ্ববিদ্যালয়,
_c২০০৩
300 _aix, ২৩৩ পাতা :
_bচিএ ;
_c২৯ সেমি.
502 _aথিসিস (পিএইচ. ডি.) -- ইসলামের ইতিহাস ও সংস্কৃতি বিভাগ, রাজশাহী বিশ্ববিদ্যালয়,২০০৩
504 _aগ্রন্থপঞ্জী : পাতা [২১৪]-২৩২
650 _aইতিহাস
_zরাজশাহী
_vউনিশ শতক
_92600
650 _aHistory
_zRajshahi
_vNineteenth century
_92601
700 _aছিদ্দীকী, মোহাম্মদ মুহিবউল্যাহ, গবেষনা তত্ত্বাবধায়ক
_92602
942 _2ddc
_cTHE
999 _c79733
_d79733